Assessment of viability of microorganisms employing fluorescence techniques
In conclusion, fluorescence techniques offer the possibility to study viability of a cell population employing microscopy, flow cytometry and image analysis. This may contribute to a better understanding of the mechanisms involved in selective survival of microorganisms under different stress condit...
Enregistré dans:
| Auteur principal: | |
|---|---|
| Format: | Livre |
| Langue: | Undetermined |
| Publié: |
Netherlands
Landbouwuniversiteit te Wageningen
1996
|
| Sujets: | |
| Tags: |
Ajouter un tag
Pas de tags, Soyez le premier à ajouter un tag!
|
| Thư viện lưu trữ: | Trung tâm Học liệu Trường Đại học Cần Thơ |
|---|
| LEADER | 00876nam a2200193Ia 4500 | ||
|---|---|---|---|
| 001 | CTU_192504 | ||
| 008 | 210402s9999 xx 000 0 und d | ||
| 082 | |a 579 | ||
| 082 | |b B832 | ||
| 100 | |a Breeuwer, Pieter | ||
| 245 | 0 | |a Assessment of viability of microorganisms employing fluorescence techniques | |
| 245 | 0 | |c Pieter Breeuwer | |
| 260 | |a Netherlands | ||
| 260 | |b Landbouwuniversiteit te Wageningen | ||
| 260 | |c 1996 | ||
| 520 | |a In conclusion, fluorescence techniques offer the possibility to study viability of a cell population employing microscopy, flow cytometry and image analysis. This may contribute to a better understanding of the mechanisms involved in selective survival of microorganisms under different stress conditions. | ||
| 650 | |a Microorganisms,Vi sinh vật | ||
| 904 | |i Trúc | ||
| 980 | |a Trung tâm Học liệu Trường Đại học Cần Thơ | ||